000 00664nam a2200229 a 4500
008
020 _a0566074176 (hbk.)
049 _aMAIN
090 _aHD62.4GOL
100 1 _aGoldratt, Eliyahu M.
245 1 4 _aThe goal :
_ba process of ongoing improvement /
_cEliyahu M. Goldratt and Jeff Cox.
250 _a2nd ed.
260 _aHampshire :
_bGower,
_c1993.
300 _a333 p. ;
_c24cm.
650 _aFiction in English
_aIsraeli writers, 1947- - Texts
700 1 _aCox, Jeff
907 _a.b1008261x
_b31-07-06
_c15-07-03
003
005 20230123133337.0
040 _cNUST
942 _cBOOKS
_kHD62.4GOL
999 _c146970
_d146970